000 00287nam a22001337a 4500
008 170821b xxu||||| |||| 00| 0 eng d
020 _a9780534374587
041 _aeng
080 _a51
100 _a51
101 _aMAT
245 _aELEMENTARY ALGEBRA
_cSHOCKEY.T
942 _2udc
_cBK
999 _c24159
_d24159